កូនក្របី មនោសញ្ចេតនា / (Record no. 1602)
[ view plain ]
| 000 -LEADER | |
|---|---|
| fixed length control field | 02312nam a22003017a 4500 |
| 001 - CONTROL NUMBER | |
| control field | 1602 |
| 003 - CONTROL NUMBER IDENTIFIER | |
| control field | FISKH |
| 005 - DATE AND TIME OF LATEST TRANSACTION | |
| control field | 20260428161323.0 |
| 008 - FIXED-LENGTH DATA ELEMENTS--GENERAL INFORMATION | |
| fixed length control field | 230908b cb ||||| |||| 00| 0 khr d |
| 020 ## - INTERNATIONAL STANDARD BOOK NUMBER | |
| International Standard Book Number | 9789995054694 |
| 040 ## - CATALOGING SOURCE | |
| Original cataloging agency | FISKH |
| Language of cataloging | eng |
| Transcribing agency | FISKH |
| Modifying agency | FISKH |
| 082 ## - DEWEY DECIMAL CLASSIFICATION NUMBER | |
| Classification number | 636.2 |
| 100 ## - MAIN ENTRY--PERSONAL NAME | |
| Personal name | Khai, Chut |
| 245 ## - TITLE STATEMENT | |
| Title | កូនក្របី មនោសញ្ចេតនា / |
| Statement of responsibility, etc. | ជុត ខៃ - រូបគំនូរដោយ ៖ ច័ន្ទ វិត្ថារិន |
| 250 ## - EDITION STATEMENT | |
| Edition statement | បោះពុម្ពលើកទី ៥ ខែសីហា ឆ្នាំ២០២២ |
| 260 ## - PUBLICATION, DISTRIBUTION, ETC. | |
| Place of publication, distribution, etc. | Phnom Penh : |
| Name of publisher, distributor, etc. | Sipar, |
| Date of publication, distribution, etc. | 2022. |
| 300 ## - PHYSICAL DESCRIPTION | |
| Extent | 59 pages : |
| Other physical details | illustrations ; |
| Dimensions | 19 cm |
| 490 ## - SERIES STATEMENT | |
| Series statement | អក្សសិល្ប៍យុវវ័យ |
| 505 ## - FORMATTED CONTENTS NOTE | |
| Formatted contents note | Z'<br/> |
| 520 ## - SUMMARY, ETC. | |
| Summary, etc. | ក្រោមកំដៅថ្ងៃនៃខែឧសភា ឆ្នាំ ១៩៧៨... បន្ទាប់ពីបានធ្វើដំណើរយ៉ាងយូរឆ្លងកាត់តំបន់ជាច្រើនដែលនៅខាងកើតដងទន្លេមេគង្គមក លោក ជុត ខៃ និងគ្រួសារក៏ទៅដល់ភូមិមួយដែលព្រមទទួលឳ្យពយកគាត់ស្នាក់នៅ។ នីនីតា កូនស្រីច្បង របស់គាត់ កាលណោះមានអាយុទើបតែ៩ឆ្នាំ ត្រូវមើលកូនក្របីមួយឈ្មោះ អាញ៉ិ ដែលក្រោយមកក្លាយជាមិត្តនាងហើយដើរតាមនាងគ្រប់ទិសទី។ |
| 520 ## - SUMMARY, ETC. | |
| Summary, etc. | In the heat of May 1978 ... After a long journey through many areas east of the Mekong River, Chut Khay and his family arrived at a village that accepted him. Ninita, his eldest daughter, was only nine years old when she had to look after a buffalo named Anh, who later became her friend and followed her everywhere. |
| 521 8# - TARGET AUDIENCE NOTE | |
| Target audience note | 920<br/> |
| Source | Lexile estimate<br/> |
| 521 8# - TARGET AUDIENCE NOTE | |
| Target audience note | Z'<br/> |
| Source | Raz-Plus<br/> |
| 650 ## - SUBJECT ADDED ENTRY--TOPICAL TERM | |
| Topical term or geographic name entry element | ដំណើរផ្សងព្រេង |
| Form subdivision | មើលថែ |
| General subdivision | មិត្ត |
| 650 ## - SUBJECT ADDED ENTRY--TOPICAL TERM | |
| Topical term or geographic name entry element | Adventure |
| Form subdivision | Look after |
| General subdivision | Friend |
| 700 ## - ADDED ENTRY--PERSONAL NAME | |
| Personal name | Vitharin, Chan |
| Relator term | illustrator |
| 942 ## - ADDED ENTRY ELEMENTS (KOHA) | |
| Source of classification or shelving scheme | Dewey Decimal Classification |
| Koha item type | Books |
| Suppress in OPAC | No |
| Withdrawn status | Lost status | Source of classification or shelving scheme | Damaged status | Not for loan | Collection | Home library | Current library | Shelving location | Date acquired | Total Checkouts | Full call number | Barcode | Date last seen | Date last checked out | Copy number | Price effective from | Koha item type |
|---|---|---|---|---|---|---|---|---|---|---|---|---|---|---|---|---|---|
| Dewey Decimal Classification | Khmer Language Books / សៀវភៅភាសាខ្មែរ | Footprints International School Library Network Toul Kork Campus | Footprints International School Library Network Toul Kork Campus | TK Campus, Room B402, Khmer Book Case 16, Shelves 112-123 / ទូរសៀវភៅខ្មែរលេខ ១៦ ធ្នើរ ១១២ ដល់ ១២៣ បន្ទប់ B402 សាខាទួលគោក | 09/11/2023 | KHA 636.2 | 2023-0550 | 09/11/2023 | 2 | 09/11/2023 | Khmer Books | ||||||
| Dewey Decimal Classification | Khmer Language Books / សៀវភៅភាសាខ្មែរ | Footprints International School Library Network Toul Kork Campus | Footprints International School Library Network Toul Kork Campus | TK Campus, Room B402, Khmer Book Case 16, Shelves 112-123 / ទូរសៀវភៅខ្មែរលេខ ១៦ ធ្នើរ ១១២ ដល់ ១២៣ បន្ទប់ B402 សាខាទួលគោក | 09/11/2023 | 1 | KHA 636.2 | FISTK03688 | 01/05/2026 | 11/10/2025 | 3 | 09/11/2023 | Khmer Books | ||||
| Dewey Decimal Classification | Khmer Language Books / សៀវភៅភាសាខ្មែរ | Footprints International School Library Network Toul Kork Campus | Footprints International School Library Network Toul Kork Campus | TK Old Khmer Books (Rear Hallway Shelf 3) | 06/27/2024 | KHA 636.2 | FISTK03689 | 06/27/2024 | 4 | 06/27/2024 | Khmer Books | ||||||
| Dewey Decimal Classification | Khmer Language Books / សៀវភៅភាសាខ្មែរ | Footprints International School Library Network Toul Kork Campus | Footprints International School Library Network Toul Kork Campus | TTP Secondary Khmer Bookshelves | 06/27/2024 | 1 | KHA 636.2 | FIS00107 | 03/11/2025 | 03/11/2025 | 5 | 06/27/2024 | Khmer Books | ||||
| Dewey Decimal Classification | Khmer Language Books / សៀវភៅភាសាខ្មែរ | Footprints International School Library Network Toul Kork Campus | Footprints International School Library Network Toul Kork Campus | TTP Secondary Khmer Bookshelves | 06/27/2024 | 1 | KHA 636.2 | FIS00056 | 03/11/2025 | 03/11/2025 | 6 | 06/27/2024 | Khmer Books | ||||
| Dewey Decimal Classification | Khmer Language Books / សៀវភៅភាសាខ្មែរ | Footprints International School Library Network Toul Tom Poung Campus | Footprints International School Library Network Toul Tom Poung Campus | TTP Secondary Khmer Bookshelves | 09/11/2023 | 1 | KHA 636.2 | 2023-0549 | 04/21/2026 | 04/10/2026 | 1 | 09/11/2023 | Khmer Books | ||||
| Dewey Decimal Classification | Khmer Language Books / សៀវភៅភាសាខ្មែរ | Footprints International School Library Network Toul Tom Poung Campus | Footprints International School Library Network Toul Tom Poung Campus | TTP Primary Khmer Bookshelves | 03/11/2025 | KHA 636.2 | 2025-0746 | 03/07/2025 | 7 | 03/11/2025 | Khmer Books |
